[Event "TCh-TUR 2nd League 2011"]
[Site "Konya TUR"]
[Date "2011.07.08"]
[Round "7"]
[White "Ertan, Can"]
[Black "Laciner, Kerem"]
[Result "1/2-1/2"]
[BlackTitle "FM"]
[WhiteElo "2201"]
[BlackElo "2307"]
[WhiteTeam "Ceyhan Belediye Adana"]
[BlackTeam "Antalya Calli Antalya"]
[WhiteFideId "6306330"]
[BlackFideId "6301550"]
[EventDate "2011.07.04"]

1. e4 c5 2. Nf3 d6 3. c3 Nf6 4. Bd3 Nc6 5. Bc2 g6 6. O-O Bg7 7. d4 cxd4 8. Nxd4
O-O 9. h3 Nd7 10. Be3 Nb6 11. Qe2 Bd7 12. f4 Rc8 13. Nxc6 Bxc6 14. Nd2 Qc7 15.
Qf2 Bb5 16. Rfe1 Nd7 17. a4 Bc6 18. a5 a6 19. Nc4 d5 20. Nb6 Nxb6 21. Bxb6 Qd7
22. Rad1 e6 23. f5 Rfe8 24. f6 Bf8 25. c4 Qd6 26. exd5 exd5 27. Rxe8 Rxe8 28.
cxd5 Bb5 29. Qd4 Re2 30. Bd3 Bxd3 31. Qxd3 Rxb2 32. Qc3 Re2 33. Bc7 Qd7 34. d6
h5 35. Qf3 Re6 36. Qf4 Kh7 37. g4 Bh6 38. g5 Bf8 39. Qf3 Bxd6 40. Bxd6 Rxd6 41.
Rxd6 Qxd6 42. Qxb7 Qg3+ 43. Kf1 Qxh3+ 44. Kf2 Qf5+ 45. Ke2 Qe6+ 46. Kf3 h4 47.
Qe7 Qd5+ 48. Kf2 Qd4+ 1/2-1/2

[Event "TCh-TUR 2nd League 2011"]
[Site "Konya TUR"]
[Date "2011.07.08"]
[Round "7"]
[White "Yildiz, Betul Cemre"]
[Black "Batsiashvili, Nino"]
[Result "1/2-1/2"]
[WhiteTitle "WIM"]
[BlackTitle "WGM"]
[WhiteElo "2282"]
[BlackElo "2381"]
[WhiteTeam "Antalya Calli Antalya"]
[BlackTeam "Ceyhan Belediye Adana"]
[WhiteFideId "6302920"]
[BlackFideId "13602993"]
[EventDate "2011.07.04"]

1. e4 c6 2. d4 d5 3. Nd2 dxe4 4. Nxe4 Bf5 5. Ng3 Bg6 6. h4 h6 7. Nf3 e6 8. h5
Bh7 9. Bd3 Bxd3 10. Qxd3 Nf6 11. Bd2 Nbd7 12. O-O-O Be7 13. Ne4 Nxe4 14. Qxe4
Nf6 15. Qe2 Qd5 16. c4 Qe4 17. Qxe4 Nxe4 18. Be3 Nf6 19. Ne5 Bd6 20. f3 Rc8 21.
Kb1 b5 22. Rc1 O-O 23. g4 Rc7 24. Rc2 bxc4 25. Rxc4 Nd5 26. Bf2 c5 27. Nd3 cxd4
28. Rxc7 Bxc7 29. Bxd4 Bb6 30. Bxb6 axb6 31. Rc1 f6 32. Rc4 Rd8 33. a4 g6 34.
hxg6 Kg7 35. Nb4 Nxb4 36. Rxb4 Rd6 37. Rb5 e5 38. b4 Kxg6 39. a5 bxa5 40. bxa5
h5 1/2-1/2

[Event "TCh-TUR 2nd League 2011"]
[Site "Konya TUR"]
[Date "2011.07.08"]
[Round "7"]
[White "Tasdelen, Deniz Murat"]
[Black "Sipahioglu, Irmak"]
[Result "0-1"]
[WhiteElo "2069"]
[BlackElo "2092"]
[WhiteTeam "Ceyhan Belediye Adana"]
[BlackTeam "Antalya Calli Antalya"]
[WhiteFideId "6305946"]
[BlackFideId "6307205"]
[EventDate "2011.07.04"]

1. e4 e6 2. d4 d5 3. exd5 exd5 4. Nf3 Nf6 5. Bd3 Bg4 6. h3 Bh5 7. Qe2+ Be7 8.
Be3 Nc6 9. c3 O-O 10. Nbd2 Re8 11. g4 Bg6 12. Ne5 Bxd3 13. Qxd3 Bd6 14. f4 Nd7
15. O-O-O f6 16. Nxc6 bxc6 17. f5 Qe7 18. Rde1 Qf7 19. Nf3 Re7 20. g5 Qh5 21.
Ref1 Rae8 22. Bd2 Nb6 23. Rhg1 Kh8 24. b3 c5 25. g6 c4 26. Qc2 Re2 27. Qd1 Qxf5
28. b4 Bf4 29. Bxf4 Qxf4+ 30. Nd2 Qe3 31. Qc2 Na4 0-1

[Event "TCh-TUR 2nd League 2011"]
[Site "Konya TUR"]
[Date "2011.07.08"]
[Round "7"]
[White "Tekeli, Taylan Can"]
[Black "Serin, Sarper"]
[Result "1/2-1/2"]
[WhiteElo "1901"]
[BlackElo "1745"]
[WhiteTeam "Antalya Calli Antalya"]
[BlackTeam "Ceyhan Belediye Adana"]
[WhiteFideId "6313191"]
[BlackFideId "6311709"]
[EventDate "2011.07.04"]

1. d4 d5 2. c4 e6 3. Nf3 c6 4. Nc3 Nf6 5. Bg5 Be7 6. e3 a6 7. cxd5 Nxd5 8. Bxe7
Qxe7 9. Bd3 Nd7 10. Rc1 Nxc3 11. Rxc3 e5 12. Nxe5 Nxe5 13. dxe5 Qxe5 14. Qc2 h6
15. Rc5 Qf6 16. O-O O-O 17. b4 Rd8 18. a4 Be6 19. Bh7+ Kh8 20. Be4 Rd7 21. Qe2
Bb3 22. Bc2 Qb2 23. Qg4 Rad8 24. Bxb3 Qxb3 25. Re5 Qxa4 26. Re8+ Rxe8 27. Qxd7
Rf8 28. Qxb7 Rd8 29. g3 Kg8 30. Qc7 Rd1 31. Qc8+ Kh7 32. Qf5+ Kg8 1/2-1/2

[Event "TCh-TUR 2nd League 2011"]
[Site "Konya TUR"]
[Date "2011.07.08"]
[Round "7"]
[White "Jojua, Davit"]
[Black "Zhigalko, Sergei"]
[Result "1/2-1/2"]
[WhiteTitle "GM"]
[BlackTitle "GM"]
[WhiteElo "2505"]
[BlackElo "2689"]
[WhiteTeam "Azdur Ordu"]
[BlackTeam "Kahramanmaras Belediye"]
[WhiteFideId "13602543"]
[BlackFideId "13502956"]
[EventDate "2011.07.04"]

1. d4 d5 2. c4 e6 3. Nf3 c6 4. e3 Bd6 5. b3 f5 6. Bd3 Nf6 7. O-O Qe7 8. Bb2 O-O
9. Qc1 b6 10. Ba3 c5 11. cxd5 Nxd5 12. Nc3 Nxc3 13. Qxc3 Nd7 14. Rfd1 Bb7 15.
Be2 Rac8 16. Rac1 Rfd8 17. Qe1 e5 18. dxc5 Nxc5 19. Bxc5 Bxc5 20. Rxd8+ Rxd8 21.
Rd1 Rf8 22. Qc3 Bxf3 23. Bxf3 e4 24. Be2 f4 25. exf4 Rxf4 26. Rf1 Qf8 27. Bc4+
Kh8 28. Qd2 Qf6 29. Qd5 Qf8 30. Qd2 a5 31. a4 Qf6 32. Qd5 Qf8 33. Qd2 h5 34. g3
Rf5 35. Qe2 g6 36. Kg2 Qa8 37. f3 exf3+ 38. Rxf3 Qxf3+ 39. Qxf3 Rxf3 40. Kxf3
Kg7 41. Ke4 1/2-1/2

[Event "TCh-TUR 2nd League 2011"]
[Site "Konya TUR"]
[Date "2011.07.08"]
[Round "7"]
[White "Benidze, Davit"]
[Black "Sivri, Gorkem"]
[Result "1-0"]
[WhiteTitle "IM"]
[WhiteElo "2514"]
[BlackElo "2207"]
[WhiteTeam "Kahramanmaras Belediye"]
[BlackTeam "Azdur Ordu"]
[WhiteFideId "13603086"]
[BlackFideId "6301266"]
[EventDate "2011.07.04"]

1. d4 Nf6 2. c4 e6 3. Nf3 Bb4+ 4. Bd2 Qe7 5. g3 Nc6 6. Bg2 Bxd2+ 7. Qxd2 Ne4 8.
Qc2 Qb4+ 9. Kf1 f5 10. a3 Qe7 11. Nc3 Nxc3 12. Qxc3 O-O 13. d5 Nd8 14. dxe6 Nxe6
15. Nd4 Nc5 16. Bd5+ Kh8 17. Kg2 c6 18. Bf3 d6 19. e3 Bd7 20. h4 Ne4 21. Qc2 c5
22. Ne2 Bc6 23. Nf4 Rae8 24. b4 b6 25. b5 Bb7 26. a4 Qe5 27. Rhd1 Rd8 28. a5 d5
29. axb6 axb6 30. Ra7 Ba8 31. Rxa8 Rxa8 32. Rxd5 Qe7 33. Rxf5 Rxf5 34. Bxe4 Rxf4
35. Bxa8 Rf8 36. Be4 h6 37. Bd5 Qe5 38. Qe2 Qc3 39. e4 Qd4 40. e5 Re8 41. f4 Re7
42. Qg4 1-0

[Event "TCh-TUR 2nd League 2011"]
[Site "Konya TUR"]
[Date "2011.07.08"]
[Round "7"]
[White "Ozturk, Emir"]
[Black "Guner, Sati Emre"]
[Result "1-0"]
[WhiteElo "2190"]
[BlackElo "2105"]
[WhiteTeam "Kahramanmaras Belediye"]
[BlackTeam "Azdur Ordu"]
[WhiteFideId "6302408"]
[BlackFideId "6304192"]
[EventDate "2011.07.04"]

1. d4 d5 2. Nf3 Nf6 3. c4 c6 4. Qc2 g6 5. Bf4 Bg7 6. e3 O-O 7. Nc3 Na6 8. cxd5
Nb4 9. Qb3 Nbxd5 10. Be5 Qa5 11. Nd2 Be6 12. Nc4 Qa6 13. Nd2 Qa5 14. Qa4 Qb6 15.
Qa3 Nb4 16. Rc1 a5 17. Na4 Qd8 18. Nc5 Bc8 19. Be2 b6 20. Nd3 Ba6 21. O-O Qd5
22. Nf4 Qd7 23. Nc4 Qb7 24. Qb3 Ne4 25. Bxg7 Kxg7 26. Rfd1 Nd5 27. Nd3 Rac8 28.
Bf3 Nd6 29. Nce5 e6 30. e4 Ne7 31. Rc2 Nb5 32. Nf4 Rfd8 33. Nxf7 Kxf7 34. Nxe6
Ke8 35. Bg4 Rd6 36. Qf3 Rxe6 37. Bxe6 Nd6 38. e5 Ndf5 39. g4 Nh6 40. Qf6 Neg8
41. Bxc8 Qxc8 42. Qxc6+ 1-0

[Event "TCh-TUR 2nd League 2011"]
[Site "Konya TUR"]
[Date "2011.07.08"]
[Round "7"]
[White "Metin, Oguz"]
[Black "Ikis, Melih Firat"]
[Result "1/2-1/2"]
[WhiteElo "2002"]
[BlackElo "1866"]
[WhiteTeam "Kahramanmaras Belediye"]
[BlackTeam "Azdur Ordu"]
[WhiteFideId "6307850"]
[BlackFideId "6327680"]
[EventDate "2011.07.04"]

1. d4 Nf6 2. c4 g6 3. Nc3 d5 4. e3 Bg7 5. Nf3 O-O 6. Qb3 e6 7. Bd2 c6 8. Bd3
Nbd7 9. O-O dxc4 10. Qxc4 Re8 11. Qb3 c5 12. Rfd1 Qe7 13. Nb5 Rd8 14. Rac1 b6
15. Qc2 Bb7 16. a3 e5 17. dxe5 Nxe5 18. Nxe5 Qxe5 19. Bc3 Qe7 20. a4 Bh6 21. Qe2
Nd5 22. Bd2 Qg5 23. Be4 Qe7 24. Bf3 Bg7 25. Be1 a6 26. Na3 Nb4 27. Bxb7 Qxb7 28.
a5 Rxd1 29. Rxd1 bxa5 30. Nc4 Qb5 31. Qf3 Rf8 32. Qe4 Re8 33. Qf4 Qb8 34. Qg5
Qc7 35. h4 h6 36. Qg4 Rd8 37. Ra1 Qd7 38. Qxd7 Rxd7 39. Bxb4 axb4 40. Rxa6 Rd1+
41. Kh2 Rc1 42. b3 Rb1 43. Nd2 Rb2 44. Ne4 Rxb3 45. Nxc5 Ra3 46. Rb6 Bc3 47. h5
Ra5 48. Ne4 Rxh5+ 49. Kg3 Rd5 50. Nxc3 bxc3 51. Rc6 Rd3 52. Kf3 Kg7 53. Ke2 Rd2+
54. Ke1 Rc2 55. g3 h5 56. f4 f5 57. Kd1 Rd2+ 58. Ke1 Rc2 59. Kd1 Rg2 60. Rxc3
Rxg3 61. Ke2 Rg2+ 62. Kf3 Rg1 63. Rc7+ Kh6 64. Rc8 Rf1+ 65. Kg3 Rg1+ 66. Kf3 Kg7
67. Kf2 Rg4 68. Rc7+ Kf6 69. Rc6+ Ke7 70. Ra6 Kf7 71. Rb6 Kg7 72. Rb7+ Kh6 73.
Ra7 Rh4 74. Kg2 Rg4+ 75. Kf2 h4 76. Ra8 Kg7 77. Ra7+ Kh6 78. Ra8 g5 79. fxg5+
Kxg5 80. Rh8 Kf6 81. Kf3 Rg3+ 82. Kf4 Rg4+ 83. Kf3 Re4 84. Rf8+ Ke5 85. Re8+ Kd5
86. Rd8+ Ke5 87. Re8+ Kd5 88. Rd8+ Ke5 89. Re8+ Kf6 90. Rxe4 fxe4+ 91. Kxe4 Kg5
92. Kf3 Kf5 93. e4+ Kg5 94. e5 h3 95. Kg3 h2 96. Kxh2 Kf5 1/2-1/2

[Event "TCh-TUR 2nd League 2011"]
[Site "Konya TUR"]
[Date "2011.07.08"]
[Round "7"]
[White "Gundogan, Cem"]
[Black "Ozdover, Mustafa Berkay"]
[Result "0-1"]
[WhiteElo "1823"]
[BlackElo "1842"]
[WhiteTeam "Azdur Ordu"]
[BlackTeam "Kahramanmaras Belediye"]
[WhiteFideId "6311032"]
[BlackFideId "6311482"]
[EventDate "2011.07.04"]

1. e4 e6 2. b3 d5 3. Bb2 dxe4 4. Nc3 Nf6 5. Qe2 Be7 6. Nxe4 Nxe4 7. Qxe4 Bf6 8.
d4 Qd5 9. Qe3 c5 10. Rd1 cxd4 11. Bxd4 Qa5+ 12. c3 Bxd4 13. Qxd4 O-O 14. Qd2 Nc6
15. Bd3 e5 16. Ne2 Bg4 17. f3 Be6 18. O-O g6 19. Bb1 Qc5+ 20. Kh1 Rfd8 21. Qg5
a5 22. f4 Rxd1 23. Rxd1 Qe3 24. Re1 Rd8 25. Qh4 Rd2 26. Nd4 Qxf4 27. Qxf4 exf4
28. Nxe6 fxe6 29. Kg1 Kf7 30. Kf1 f3 31. Be4 fxg2+ 32. Bxg2 Rxa2 33. Rb1 Rc2 34.
b4 Rxc3 35. bxa5 Nxa5 36. Bxb7 Nc4 37. Kf2 Rc2+ 38. Kg3 Ne3 39. Be4 Rc7 40. Re1
Nf5+ 41. Kf2 Kf6 42. Rd1 Rc4 43. Bf3 Rc2+ 44. Kg1 e5 45. Re1 Nd4 46. Bd5 h5 47.
h3 Ne2+ 48. Kh1 Nf4 49. Rg1 Nxd5 0-1

[Event "TCh-TUR 2nd League 2011"]
[Site "Konya TUR"]
[Date "2011.07.08"]
[Round "7"]
[White "Dai, Irmak"]
[Black "Kahya, Gizem"]
[Result "1/2-1/2"]
[WhiteElo "1511"]
[BlackElo "1662"]
[WhiteTeam "Kahramanmaras Belediye"]
[BlackTeam "Azdur Ordu"]
[WhiteFideId "6336426"]
[BlackFideId "6336124"]
[EventDate "2011.07.04"]

1. e4 e5 2. Nf3 Nc6 3. Bb5 a6 4. Ba4 Nf6 5. O-O Be7 6. Re1 b5 7. Bb3 d6 8. h3
O-O 9. c3 Na5 10. Bc2 c5 11. d4 Qc7 12. Nbd2 Bd7 13. d5 Ne8 14. Nh2 Qc8 15. Qf3
f5 16. Qg3 fxe4 17. Nxe4 Bf5 18. Bd1 Bxe4 19. Rxe4 Nf6 20. Re1 Nxd5 21. Bf3 Qe6
22. Bh6 Qxh6 23. Bxd5+ Kh8 24. Bxa8 Bh4 25. Qf3 Rxf3 26. Bxf3 Nc4 27. Re2 Qe6
28. b3 Nb6 29. Rd1 g6 30. Red2 Be7 31. Bb7 a5 32. Bc6 b4 33. c4 Nd7 34. Ng4 Nf6
35. Nxf6 Qxf6 36. Bf3 Qf4 37. Re2 Qg5 38. Re4 Qf5 39. Re2 Qg5 40. Re4 Qf5 41.
Rd2 Qg5 42. Rd1 Qf5 43. Re2 Qf8 44. Re4 Bg5 45. Re2 Qf6 46. Re4 Qf8 47. Re2 Bf4
48. Re4 Kg7 49. Ree1 h5 50. Re4 Kh6 51. Ree1 Bg5 52. Re4 Be7 53. Re2 Qf4 54. Re4
Qf8 55. Re2 a4 56. bxa4 Qe8 57. Rb2 Qxa4 58. Rc1 Qa3 59. Rbc2 Qa4 60. Rb2 Qa3
61. Rbc2 b3 62. axb3 Qxb3 63. Be4 Bg5 64. Rd1 Be7 65. Rcc1 Qa4 66. Rc2 Qa6 67.
Rcc1 Bg5 68. Rc2 Qb6 69. Kh1 Bh4 70. Rcd2 Be7 71. Rc2 Qb3 72. Kg1 Qa4 73. Kh1
Qb3 74. Kg1 Qb6 75. Kh1 Qb3 76. Kg1 Qb6 1/2-1/2

[Event "TCh-TUR 2nd League 2011"]
[Site "Konya TUR"]
[Date "2011.07.08"]
[Round "7"]
[White "Asaturoglu, Rupen"]
[Black "Socko, Monika"]
[Result "1/2-1/2"]
[BlackTitle "GM"]
[WhiteElo "2223"]
[BlackElo "2490"]
[WhiteTeam "Sisli Istanbul"]
[BlackTeam "Moda Istanbul"]
[WhiteFideId "6300154"]
[BlackFideId "1106619"]
[EventDate "2011.07.04"]

1. Nf3 Nf6 2. g3 d5 3. d3 c6 4. Bg2 Bg4 5. Nbd2 Nbd7 6. h3 Bh5 7. O-O e5 8. e4
Bd6 9. Qe1 Qe7 10. Nh4 Bg6 11. Nxg6 hxg6 12. exd5 Nxd5 13. a3 O-O 14. Nc4 Bc5
15. Na5 N7b6 16. Bd2 Qc7 17. b4 Be7 18. a4 Rad8 19. Nb3 Rfe8 20. a5 Nc8 21. Nc5
Bxc5 22. bxc5 Qe7 23. a6 bxa6 24. Ra5 Qd7 25. Qe4 Re6 26. Rxa6 Nf6 27. Qc4 e4
28. Be3 exd3 29. cxd3 Nd5 30. Bg5 Rde8 31. Bxd5 cxd5 32. c6 Qd6 33. Qd4 Re1 34.
Rxe1 Rxe1+ 35. Kg2 Qe6 36. Be3 Re2 37. Ra5 Qxc6 38. Qxd5 Ne7 39. Qxc6 Nxc6 40.
Rc5 Nb4 41. Rc8+ Kh7 42. Rc7 f6 43. Rxa7 Nxd3 1/2-1/2

[Event "TCh-TUR 2nd League 2011"]
[Site "Konya TUR"]
[Date "2011.07.08"]
[Round "7"]
[White "Arman, Deniz"]
[Black "Garabetyan, Arno"]
[Result "1/2-1/2"]
[WhiteTitle "FM"]
[WhiteElo "2310"]
[BlackElo "2066"]
[WhiteTeam "Moda Istanbul"]
[BlackTeam "Sisli Istanbul"]
[WhiteFideId "6302106"]
[BlackFideId "6301487"]
[EventDate "2011.07.04"]

1. e4 c6 2. d4 d5 3. e5 c5 4. dxc5 Nc6 5. Bf4 e6 6. c3 Bxc5 7. Bd3 Nge7 8. Nf3
a5 9. O-O h6 10. h4 Nf5 11. h5 Be7 12. Qe2 Qb6 13. a4 Bd7 14. Na3 Na7 15. Nb5
Nxb5 16. axb5 Rc8 17. Ra4 Qd8 18. Rfa1 b6 19. Rd1 Nh4 20. Nd4 g5 21. Bd2 Bc5 22.
Nc2 O-O 23. Rxh4 gxh4 24. Bxh6 f5 25. Bxf8 Qxf8 26. Nd4 Qg7 27. Qf3 Kh8 28. Ne2
Rg8 29. Nf4 Qg5 30. Kf1 Kh7 31. b4 axb4 32. cxb4 Bxb4 33. Ra1 Kh6 34. Ra7 Rg7
35. Rc7 Bc5 36. Ke2 Bd4 37. Ng6 Qxh5 38. Qxh5+ Kxh5 39. Nf8 Rxg2 40. Rxd7 Rxf2+
41. Ke1 Be3 42. Be2+ Kg5 43. Nxe6+ Kg6 44. Nf8+ Kg5 45. e6 Rf4 46. Rg7+ Kf6 47.
Rf7+ Kg5 48. Nh7+ Kg6 1/2-1/2

[Event "TCh-TUR 2nd League 2011"]
[Site "Konya TUR"]
[Date "2011.07.08"]
[Round "7"]
[White "Cakmak, Sarven"]
[Black "Camci, Ali Ammar"]
[Result "1-0"]
[WhiteElo "1976"]
[BlackElo "1962"]
[WhiteTeam "Sisli Istanbul"]
[BlackTeam "Moda Istanbul"]
[WhiteFideId "6307353"]
[BlackFideId "6305130"]
[EventDate "2011.07.04"]

1. e4 d5 2. exd5 Qxd5 3. Nc3 Qa5 4. d4 Nf6 5. Nf3 Nc6 6. h3 Bf5 7. Bb5 Bd7 8.
O-O O-O-O 9. Re1 e6 10. a3 a6 11. Bf1 Qh5 12. b4 Nd5 13. Ne4 f5 14. Ng3 Qg6 15.
c4 Nf6 16. b5 axb5 17. cxb5 Nb8 18. a4 Bb4 19. Bd2 Bxd2 20. Qxd2 Ne4 21. Nxe4
fxe4 22. Ne5 Qf5 23. Qc2 Be8 24. Rac1 c6 25. bxc6 Bxc6 26. Bb5 Rd6 27. a5 Kd8
28. a6 Ke7 29. a7 Nd7 30. Bxc6 bxc6 31. Nxc6+ Kf6 32. Nb8 Rxb8 33. axb8=Q Nxb8
34. Qc7 Rxd4 35. Qxb8 Kg6 36. Qg3+ Kf6 37. Rc7 Qg6 38. Qc3 1-0

[Event "TCh-TUR 2nd League 2011"]
[Site "Konya TUR"]
[Date "2011.07.08"]
[Round "7"]
[White "Acarbay, Algi"]
[Black "Mkrtchian, Lilit"]
[Result "0-1"]
[BlackTitle "IM"]
[WhiteElo "1924"]
[BlackElo "2463"]
[WhiteTeam "Moda Istanbul"]
[BlackTeam "Sisli Istanbul"]
[WhiteFideId "6303692"]
[BlackFideId "13300601"]
[EventDate "2011.07.04"]

1. e4 c5 2. Nc3 Nc6 3. g3 g6 4. Bg2 Bg7 5. d3 d6 6. h3 Rb8 7. f4 b5 8. Nf3 b4 9.
Ne2 Qb6 10. Nd2 Ba6 11. Rb1 Nf6 12. b3 Nd7 13. Bb2 Bxb2 14. Rxb2 Bb5 15. Nf3 a5
16. Qd2 e6 17. Qe3 Qd8 18. O-O Qf6 19. Rbb1 Qg7 20. Nh4 Nd4 21. Rbc1 h6 22. g4
g5 23. fxg5 Qxg5 0-1

[Event "TCh-TUR 2nd League 2011"]
[Site "Konya TUR"]
[Date "2011.07.08"]
[Round "7"]
[White "Zeydan, Salih"]
[Black "Polatel, Levent"]
[Result "0-1"]
[WhiteElo "1926"]
[BlackElo "2068"]
[WhiteTeam "Sisli Istanbul"]
[BlackTeam "Moda Istanbul"]
[WhiteFideId "6361722"]
[BlackFideId "6303749"]
[EventDate "2011.07.04"]

1. e4 c5 2. Nf3 d6 3. d4 cxd4 4. Nxd4 Nf6 5. Nc3 g6 6. Be3 Bg7 7. Be2 O-O 8. O-O
Nc6 9. h3 a6 10. Qd2 Qc7 11. f4 Bd7 12. Nb3 b5 13. a3 Rfc8 14. Rfd1 Rab8 15. Bd3
Be6 16. Nd4 Bc4 17. Rac1 Qb7 18. Qe2 Na5 19. Bf2 Nh5 20. Qf3 Bxd3 21. Rxd3 Nc4
22. b3 Nxa3 23. g4 Nxf4 24. Qxf4 e5 25. Qg5 exd4 26. Nd5 Rxc2 27. Rf1 h6 28. Qf4
Rc3 29. Rxc3 dxc3 30. Qxd6 b4 31. Be3 Nb5 32. Qf4 Rd8 0-1

[Event "TCh-TUR 2nd League 2011"]
[Site "Konya TUR"]
[Date "2011.07.08"]
[Round "7"]
[White "Yaran, Siar"]
[Black "Ozgur, Tibet Kagan"]
[Result "1-0"]
[WhiteElo "1746"]
[BlackElo "1632"]
[WhiteTeam "Moda Istanbul"]
[BlackTeam "Sisli Istanbul"]
[WhiteFideId "6323006"]
[BlackFideId "6322832"]
[EventDate "2011.07.04"]

1. e4 c5 2. Nf3 d6 3. c3 Nf6 4. Be2 Bd7 5. d3 g6 6. O-O Bg7 7. h3 O-O 8. Be3 Nc6
9. Qd2 c4 10. Bh6 cxd3 11. Bxd3 b5 12. Bxg7 Kxg7 13. Qe3 b4 14. Re1 Qb8 15. Nbd2
bxc3 16. bxc3 Qc7 17. e5 Nd5 18. Qe4 Nxc3 19. Qc4 Qa5 20. a3 Nxe5 21. Nxe5 Rfc8
22. Qd4 dxe5 23. Rxe5 Qc7 24. Rxe7+ Kg8 25. Rxd7 Qc6 26. Bc4 Rf8 27. Re1 Rac8
28. Ree7 Na4 29. Rxf7 Qxc4 30. Qg7# 1-0

[Event "TCh-TUR 2nd League 2011"]
[Site "Konya TUR"]
[Date "2011.07.08"]
[Round "7"]
[White "Lenic, Luka"]
[Black "Tatlisumak, Ertugrul"]
[Result "1-0"]
[WhiteTitle "GM"]
[WhiteElo "2634"]
[BlackElo "2174"]
[WhiteTeam "Beyaz Kale Hatay"]
[BlackTeam "Manisa Satranc Ihtisas"]
[WhiteFideId "14603853"]
[BlackFideId "6300820"]
[EventDate "2011.07.04"]

1. c4 Nf6 2. Nc3 e6 3. e4 d5 4. e5 Ne4 5. Nxe4 dxe4 6. Qg4 Nc6 7. Qxe4 Qd4 8.
Qxd4 Nxd4 9. Bd3 g6 10. Ne2 Nc6 11. f4 Bc5 12. Be4 Bd7 13. a3 a5 14. b3 O-O 15.
Bb2 Rfd8 16. d4 Bf8 17. O-O-O Rab8 18. d5 exd5 19. cxd5 Ne7 20. h3 Nf5 21. g4
Ng7 22. Ng3 c6 23. d6 b5 24. f5 Rdc8 25. Rhf1 a4 26. bxa4 bxa4 27. Bd3 Rb3 28.
Ne4 Ne8 29. Bc4 gxf5 30. gxf5 Bh6+ 31. Kc2 Rcb8 32. Bxb3 axb3+ 33. Kb1 Rb5 34.
e6 fxe6 35. fxe6 Bxe6 36. d7 Bxd7 37. Rxd7 Rb8 38. Rg1+ Kf8 39. Nc5 1-0

[Event "TCh-TUR 2nd League 2011"]
[Site "Konya TUR"]
[Date "2011.07.08"]
[Round "7"]
[White "Oner, Oguz"]
[Black "Donmez, Yusuf"]
[Result "1-0"]
[WhiteElo "1741"]
[BlackElo "2125"]
[WhiteTeam "Beyaz Kale Hatay"]
[BlackTeam "Manisa Satranc Ihtisas"]
[WhiteFideId "6329330"]
[BlackFideId "6301967"]
[EventDate "2011.07.04"]

1. e4 d6 2. d4 Nf6 3. f3 c6 4. c4 Nbd7 5. Nc3 g6 6. Be3 a6 7. Bd3 b5 8. a3 e5 9.
d5 cxd5 10. cxd5 Bb7 11. Nge2 Rc8 12. O-O Bg7 13. b4 Nh5 14. Qd2 Nf4 15. Rfc1
Nxd3 16. Qxd3 Nb6 17. Nxb5 O-O 18. Na7 Rxc1+ 19. Rxc1 f5 20. Nc6 Bxc6 21. dxc6
Nc8 22. Qxa6 fxe4 23. fxe4 Qh4 24. Ng3 Bh6 25. Bxh6 Qxh6 26. Rf1 Qe3+ 27. Kh1
Ne7 28. Rxf8+ Kxf8 29. c7 Kg7 30. Qc4 h5 31. Nf1 Qf2 32. b5 d5 33. exd5 e4 34.
d6 e3 35. Qc3+ Kh7 36. Nxe3 h4 37. Qc1 Nd5 38. Qg1 Qd2 39. Nxd5 Qxd5 40. h3 1-0

[Event "TCh-TUR 2nd League 2011"]
[Site "Konya TUR"]
[Date "2011.07.08"]
[Round "7"]
[White "Charkhalashvili, Inga"]
[Black "Topel, Zehra"]
[Result "0-1"]
[WhiteTitle "WGM"]
[BlackTitle "WIM"]
[WhiteElo "2355"]
[BlackElo "2231"]
[WhiteTeam "Manisa Satranc Ihtisas"]
[BlackTeam "Beyaz Kale Hatay"]
[WhiteFideId "13601431"]
[BlackFideId "6302661"]
[EventDate "2011.07.04"]

1. d4 Nf6 2. Nf3 g6 3. Bf4 d6 4. e3 Bg7 5. c3 O-O 6. h3 c5 7. Be2 Qb6 8. Qc1 Nc6
9. O-O Bf5 10. Nbd2 cxd4 11. Nc4 Qa6 12. Qd1 d3 13. Bxd3 Bxd3 14. Qxd3 e5 15.
Ncxe5 dxe5 16. Qxa6 bxa6 17. Nxe5 Nxe5 18. Bxe5 Ne4 19. Bxg7 Kxg7 20. f3 Nc5 21.
b3 Rfd8 22. Rfd1 Kf6 23. Rd4 Ne6 24. Ra4 Rd3 25. Rxa6 Rxc3 26. Rd1 Ke7 27. Kf2
h5 28. Rd2 Rc7 29. b4 Rd8 30. Rb2 Rb7 31. Ra5 Rd6 32. h4 a6 33. Re5 Kf6 34. f4
Rb5 35. Rxb5 axb5 36. Kf3 Rd3 37. Ke4 Rc3 38. g3 Ke7 39. Kd5 Rc4 0-1

[Event "TCh-TUR 2nd League 2011"]
[Site "Konya TUR"]
[Date "2011.07.08"]
[Round "7"]
[White "Kayabolen, Alisan"]
[Black "Aydogdu, Ataman"]
[Result "0-1"]
[WhiteElo "1920"]
[BlackElo "2073"]
[WhiteTeam "Beyaz Kale Hatay"]
[BlackTeam "Manisa Satranc Ihtisas"]
[WhiteFideId "6315216"]
[BlackFideId "6303056"]
[EventDate "2011.07.04"]

1. e4 c5 2. Nf3 e6 3. c3 Nf6 4. e5 Nd5 5. g3 d6 6. exd6 Bxd6 7. Bg2 O-O 8. O-O
Nc6 9. d4 cxd4 10. Nxd4 Nce7 11. Nd2 a6 12. Ne4 Bb8 13. Nb3 Qc7 14. Qe2 Bd7 15.
Nec5 Bc6 16. Rd1 Rd8 17. Bg5 Ba7 18. c4 Nb6 19. Bxc6 Rxd1+ 20. Rxd1 Nxc6 21.
Nxe6 fxe6 22. c5 Na4 23. Qxe6+ Qf7 24. Qg4 Nxc5 25. Be3 Ne5 26. Qb4 Ncd3 27. Qe4
Nxf2 28. Bxf2 Qxf2+ 29. Kh1 Qf3+ 30. Qxf3 Nxf3 31. Rd5 Re8 32. Kg2 Ng1 33. Nd4
Ne2 34. Nf3 Nc1 35. a3 Nb3 36. Rd7 Nc5 37. Rd2 h6 38. b4 Ne4 39. Rd7 Rb8 40. Nh4
Nf6 41. Re7 Rf8 42. Rxb7 Rf7 43. Rxf7 Kxf7 44. Nf5 g6 45. Nd6+ Ke6 46. Nc4 Kd5
47. Nd2 Be3 48. Nf1 Bc1 49. a4 Kc4 50. b5 a5 51. h4 Kb4 52. Nh2 Kxa4 53. b6 Nd7
54. Nf3 Bb2 55. b7 Kb5 56. Nd2 a4 57. Nb1 a3 58. Nxa3+ Bxa3 59. g4 Kb6 60. b8=Q+
Nxb8 61. Kf3 Be7 62. h5 gxh5 63. gxh5 Kc5 0-1

[Event "TCh-TUR 2nd League 2011"]
[Site "Konya TUR"]
[Date "2011.07.08"]
[Round "7"]
[White "Turek, Ismet"]
[Black "Buyukasik, Diyap"]
[Result "0-1"]
[WhiteElo "1654"]
[BlackElo "1994"]
[WhiteTeam "Manisa Satranc Ihtisas"]
[BlackTeam "Beyaz Kale Hatay"]
[WhiteFideId "6311920"]
[BlackFideId "6319602"]
[EventDate "2011.07.04"]

1. e4 c5 2. c3 d5 3. exd5 Qxd5 4. d4 a6 5. Nf3 Nf6 6. h3 g6 7. Be3 cxd4 8. cxd4
Bg7 9. Nc3 Qd6 10. Bc4 O-O 11. O-O b5 12. Bb3 Bb7 13. Qe2 Nc6 14. a3 e6 15. Rfd1
Ne7 16. Rac1 Ned5 17. Nxd5 Nxd5 18. Ba2 Nf4 19. Bxf4 Qxf4 20. Qe3 Bh6 21. Qxf4
Bxf4 22. Rc3 Rfd8 23. g3 Bh6 24. Ne5 Rac8 25. Rxc8 Rxc8 26. Bb1 Bd5 27. f4 Bg7
28. Kf1 Bb3 29. Re1 Rd8 30. Be4 Rxd4 31. Bb7 a5 32. Bc6 b4 33. axb4 axb4 34. Bb5
Rd5 35. Bc6 Rc5 36. Bf3 Bxe5 37. Rxe5 Rc2 38. Re4 Bd5 39. Re3 Bxf3 40. Rxf3 Rxb2
41. Ke1 b3 42. Kd1 Rb1+ 43. Kd2 b2 44. Kc2 Rh1 45. Kxb2 Rxh3 46. Kc3 h5 47. Rd3
Kg7 48. Kd4 Kf6 49. Ke4 h4 50. gxh4 Rxd3 51. Kxd3 Kf5 52. Ke3 Kg4 53. Ke4 Kxh4
54. Kf3 f5 0-1